000 00890nam2a2200205 4500
001 RU\NLR\PER_A\002659440_001200
005 20250624110549.0
035 _a(NLR Aleph) 012666967
090 _a12773493
_c12773493
100 _a20211216d2021 |||y0rusy50 ca
101 0 _arus
102 _aRU
200 0 _a2021, № 5 (92)
210 _d2021
_aБ. м.
461 0 _1001RU\NLR\Per\484757
_12001#$aСиловая электроника$eтематическое приложение к журналу "Компоненты и технологии"$v2021, № 5 (92)
_93943512
_cМосква
_d2004 -
_nФайнстрит
_oтематическое приложение к журналу "Компоненты и технологии"
_tСиловая электроника
_x2079-9322
_v2021, № 5 (92)
852 _aNLR
_jП11/5290
942 _cISSUE
980 _aNB
980 _aRUSPER